Online
Catalog

El reverso de la medalla / (Record no. 23175)

MARC details
000 -CABECERA
campo de control de longitud fija 00613nam a2200205 a 4500
001 - NÚMERO DE CONTROL
campo de control 000023679
005 - FECHA Y HORA DE LA ÚLTIMA TRANSACCIÓN
campo de control 20200930022405.0
008 - DATOS DE LONGITUD FIJA--INFORMACIÓN GENERAL
campo de control de longitud fija 101218s1960 sp 000 0 spa d
040 ## - FUENTE DE LA CATALOGACIÓN
Centro catalogador/agencia de origen DO-SdBNP
Lengua de catalogación spa
Centro/agencia transcriptor BNPHU
082 ## - NÚMERO DE LA CLASIFICACIÓN DECIMAL DEWEY
Número de clasificación xxxx
Número de documento/Ítem B764v
049 ## - FONDOS LOCALES (OCLC)
Fondos de biblioteca BNGR
100 1# - ENTRADA PRINCIPAL--NOMBRE DE PERSONA
Nombre de persona Boulle, Pierre
9 (RLIN) 48777
240 13 - TÍTULO UNIFORME
Título uniforme Les voies du salut.
Lenguaje de la obra Español
245 13 - MENCIÓN DE TÍTULO
Título El reverso de la medalla /
Mención de responsabilidad, etc. Pierre Boulle ; traducción Ana Cela.
260 ## - PUBLICACIÓN, DISTRIBUCIÓN, ETC.
Lugar de publicación, distribución, etc. Barcelona :
Nombre del editor, distribuidor, etc. Destino,
Fecha de publicación, distribución, etc. 1960.
300 ## - DESCRIPCIÓN FÍSICA
Extensión 220 p. ;
Dimensiones 19 cm.
490 1# - MENCIÓN DE SERIE
Mención de serie Áncora y Delfín.
Designación de volumen o secuencia 187
700 1# - PUNTO DE ACCESO ADICIONAL--NOMBRE DE PERSONA
Nombre de persona Cela, Ana,
Término indicativo de función/relación tr.
9 (RLIN) 48778
830 #0 - PUNTO DE ACCESO ADICIONAL DE SERIE-TÍTULO UNIFORME
Título uniforme Áncora y Delfín
Designación de volumen o secuencia 187
9 (RLIN) 5000
Holdings
Estado de retiro Estado de pérdida Restricciones de uso No para préstamo Código de colección Localización permanente Ubicación/localización actual Ubicación en estantería Fecha de adquisición Número de inventario Total de préstamos Signatura topográfica completa Código de barras Fecha visto por última vez Precio válido a partir de Tipo de ítem Koha
        Monografías: Libros y Folletos General General En catalogación 18.12.2010 LF1   xxxx B764v 23679-10 25.06.2020 25.06.2020 Préstamo en sala

Powered by Koha